[Event "IIFL Wealth  4th Mumbai Junior U-13"]
[Site "Mumbai"]
[Date "2019.01.02"]
[Round "4"]
[White "Aarna Chugh"]
[Black "Sawalakhe Jay"]
[Result "1-0"]
[WhiteElo "1164"]
[BlackElo "1273"]
[Annotator "NA"]
[PlyCount "105"]
[EventDate "2018.12.30"]
[EventType "swiss"]
[EventCountry "IND"]
[SourceTitle "playchess.com"]
[Source "ChessBase"]
[SourceQuality "1"]
[TimeControl "40/5400+30:1800+30"]

1. d4 {[%emt 0:00:00]} Nf6 {[%emt 0:00:31]} 2. Bf4 {[%emt 0:00:00]} e6 {[%emt 0:00:25]} 3. e3 {[%emt 0:00:14]} b6 {[%emt 0:00:09]} 4. Nf3 {[%emt 0:00:29]} Be7 {[%emt 0:00:23]} 5. Bd3 {[%emt 0:00:20]} Bb7 {[%emt 0:00:07]} 6. Nbd2 {[%emt 0:00:16]} d6 {[%emt 0:00:12]} 7. c3 {[%emt 0:01:14]} Nbd7 {[%emt 0:00:06]} 8. h3 {[%emt 0:00:25]} O-O {[%emt 0:04:44]} 9. O-O {[%emt 0:01:08]} c5 {[%emt 0:00:32]} 10. Nc4 {[%emt 0:07:45]} Qc7 {[%emt 0:01:35]} 11. Qe2 {[%emt 0:06:01]} Nd5 {[%emt 0:04:11]} 12. Bh2 {[%emt 0:02:26]} b5 {[%emt 0:08:31]} 13. Ncd2 {[%emt 0:03:01]} c4 {[%emt 0:00:36]} 14. Bc2 {[%emt 0:04:25]} g6 {[%emt 0:05:16]} 15. e4 {[%emt 0:09:00]} N5b6 {[%emt 0:03:36]} 16. Rfe1 {[%emt 0:06:16]} Rfe8 {[%emt 0:03:05]} 17. Rad1 {[%emt 0:03:03]} Rad8 {[%emt 0:02:41]} 18. Qe3 {[%emt 0:05:09]} f6 {[%emt 0:09:57]} 19. e5 {[%emt 0:07:25]} dxe5 {[%emt 0:02:30]} 20. dxe5 {[%emt 0:02:08]} f5 {[%emt 0:00:42]} 21. Nd4 {[%emt 0:07:47]} Bf8 {[%emt 0:15:03]} 22. N2f3 {[%emt 0:05:15]} a6 {[%emt 0:09:14]} 23. Bf4 {[%emt 0:06:44]} Nd5 {[%emt 0:01:18]} 24. Qd2 {[%emt 0:00:43]} Nc5 {[%emt 0:02:15]} 25. Bg5 {[%emt 0:04:09]} Rd7 {[%emt 0:02:30]} 26. Qe2 {[%emt 0:02:16]} h6 {[%emt 0:03:04]} 27. Bd2 {[%emt 0:01:49]} Rf7 {[%emt 0:01:45]} 28. Nh4 {[%emt 0:01:41]} g5 {[%emt 0:00:59]} 29. Ng6 {[%emt 0:00:33]} Bg7 {[%emt 0:01:37]} 30. Qh5 {[%emt 0:01:34]} Nb6 {[%emt 0:04:17]} 31. h4 {[%emt 0:02:52]} g4 {[%emt 0:04:13]} 32. Bxh6 {[%emt 0:00:43]} Bxh6 {[%emt 0:00:16]} 33. Qxh6 {[%emt 0:00:11]} Rh7 {[%emt 0:00:23]} 34. Qg5 {[%emt 0:00:38]} Rg7 {[%emt 0:00:12]} 35. h5 {[%emt 0:00:57]} Qf7 {[%emt 0:01:54]} 36. Qh4 {[%emt 0:02:13]} Nd5 {[%emt 0:00:27]} 37. Ne2 {[%emt 0:01:16]} a5 {[%emt 0:02:31]} 38. Nef4 {[%emt 0:00:25]} b4 {[%emt 0:00:43]} 39. Nxd5 {[%emt 0:00:53]} Bxd5 {[%emt 0:00:06]} 40. Nf4 {[%emt 0:00:00]} b3 {[%emt 0:00:00]} 41. axb3 {[%emt 0:00:26]} cxb3 {[%emt 0:00:24]} 42. Bb1 {[%emt 0:00:58]} Be4 {[%emt 0:00:39]} 43. h6 {[%emt 0:02:18]} Rh7 {[%emt 0:00:05]} 44. Qg5+ {[%emt 0:00:31]} Kh8 {[%emt 0:00:59]} 45. Ng6+ {[%emt 0:02:44]} Kg8 {[%emt 0:00:46]} 46. Rd8 {[%emt 0:00:39]} Nd7 {[%emt 0:04:04]} 47. Rxe8+ {[%emt 0:00:58]} Qxe8 {[%emt 0:00:42]} 48. Ne7+ {[%emt 0:00:09]} Kh8 {[%emt 0:00:49]} 49. Ng6+ {[%emt 0:01:56]} Kg8 {[%emt 0:00:02]} 50. Bxe4 {[%emt 0:00:31]} fxe4 {[%emt 0:00:27]} 51. Rxe4 {[%emt 0:01:44]} Nf8 {[%emt 0:02:43]} 52. Ne7+ {[%emt 0:00:19]} Kh8 53. Qf6+ {Kg8 Qg5+ Nd7 Ng6} 1-0

[Event "IIFL Wealth  4th Mumbai Junior U-13"]
[Site "Mumbai"]
[Date "2019.01.02"]
[Round "4"]
[White "Dabhade Arnav"]
[Black "Tambe Shardul"]
[Result "1/2-1/2"]
[WhiteElo "1064"]
[BlackElo "1250"]
[Annotator "NA"]
[PlyCount "81"]
[EventDate "2018.12.30"]
[EventType "swiss"]
[EventCountry "IND"]
[SourceTitle "playchess.com"]
[Source "ChessBase"]
[SourceQuality "1"]
[TimeControl "40/5400+30:1800+30"]

1. e4 {[%emt 0:00:00]} c6 {[%emt 0:00:00]} 2. d4 {[%emt 0:00:00]} d5 {[%emt 0:00:00]} 3. exd5 {[%emt 0:00:00]} cxd5 {[%emt 0:00:00]} 4. Bd3 {[%emt 0:00:00]} Nc6 {[%emt 0:00:00]} 5. c3 {[%emt 0:01:00]} Nf6 {[%emt 0:00:00]} 6. Nf3 {[%emt 0:00:34]} Bg4 {[%emt 0:00:11]} 7. Bf4 {[%emt 0:01:51]} e6 {[%emt 0:00:42]} 8. Nbd2 {[%emt 0:00:35]} Bd6 {[%emt 0:01:18]} 9. Bxd6 {[%emt 0:02:45]} Qxd6 {[%emt 0:00:08]} 10. Qc2 {[%emt 0:01:27]} O-O {[%emt 0:04:20]} 11. O-O {[%emt 0:02:05]} Bxf3 {[%emt 0:03:15]} 12. Nxf3 {[%emt 0:00:16]} Rfe8 {[%emt 0:06:35]} 13. Rfe1 {[%emt 0:01:03]} Rac8 {[%emt 0:02:28]} 14. a3 {[%emt 0:04:14]} h6 {[%emt 0:06:23]} 15. h3 {[%emt 0:00:42]} a6 {[%emt 0:03:13]} 16. Rad1 {[%emt 0:01:48]} b5 {[%emt 0:00:38]} 17. Qb1 {[%emt 0:08:12]} Na5 {[%emt 0:00:27]} 18. Ne5 {[%emt 0:02:27]} Nc4 {[%emt 0:00:24]} 19. Nxc4 {[%emt 0:01:45]} bxc4 {[%emt 0:00:24]} 20. Bc2 {[%emt 0:00:26]} Rb8 {[%emt 0:00:34]} 21. Re5 {[%emt 0:05:40]} Rb7 {[%emt 0:02:16]} 22. Qa2 {[%emt 0:01:47]} Reb8 {[%emt 0:01:33]} 23. Rb1 {[%emt 0:00:23]} Qc7 {[%emt 0:03:11]} 24. Re3 {[%emt 0:01:31]} Rb6 {[%emt 0:03:40]} 25. b4 {[%emt 0:03:53]} cxb3 {[%emt 0:00:39]} 26. Rxb3 {[%emt 0:00:26]} Rxb3 {[%emt 0:03:20]} 27. Bxb3 {[%emt 0:00:09]} Qb6 {[%emt 0:00:25]} 28. Bc2 {[%emt 0:02:00]} Qb2 {[%emt 0:00:50]} 29. Qxb2 {[%emt 0:00:30]} Rxb2 {[%emt 0:00:01]} 30. Re2 {[%emt 0:00:53]} Kf8 {[%emt 0:03:52]} 31. Kf1 {[%emt 0:00:44]} Ke7 {[%emt 0:01:51]} 32. Ke1 {[%emt 0:02:56]} a5 {[%emt 0:02:25]} 33. Kd1 {[%emt 0:01:23]} Kd6 {[%emt 0:01:11]} 34. Kc1 {[%emt 0:00:38]} Rb6 {[%emt 0:01:15]} 35. a4 {[%emt 0:05:35]} Rc6 {[%emt 0:23:37]} 36. Kd2 {[%emt 0:01:22]} Nd7 {[%emt 0:05:48]} 37. Bd3 {[%emt 0:01:16]} Nb6 {[%emt 0:01:15]} 38. Bb5 {[%emt 0:01:03]} Nc4+ {[%emt 0:01:29]} 39. Kd3 {[%emt 0:02:44]} Rc7 {[%emt 0:01:12]} 40. f4 {[%emt 0:00:00]} g6 {[%emt 0:00:00]} 41. g3 {[%emt 0:06:57] Ke5 Ke4+} 1/2-1/2

[Event "IIFL Wealth  4th Mumbai Junior U-13"]
[Site "Mumbai"]
[Date "2019.01.02"]
[Round "4"]
[White "Sri Rashmika M"]
[Black "Zaif, Khandkar"]
[Result "1-0"]
[WhiteElo "1039"]
[BlackElo "1283"]
[Annotator "NA RC"]
[PlyCount "115"]
[EventDate "2018.12.30"]
[EventType "swiss"]
[EventCountry "IND"]
[SourceTitle "playchess.com"]
[Source "ChessBase"]
[SourceQuality "1"]
[TimeControl "40/5400+30:1800+30"]

1. d4 {[%emt 0:14:20]} d5 {[%emt 0:02:48]} 2. c4 {[%emt 0:00:04]} e6 {[%emt 0:01:24]} 3. Nc3 {[%emt 0:00:01]} Nf6 {[%emt 0:04:51]} 4. Bg5 {[%emt 0:00:02]} Be7 {[%emt 0:02:59]} 5. e3 {[%emt 0:00:05]} h6 {[%emt 0:02:26]} 6. Bh4 {[%emt 0:01:52]} Nc6 {[%emt 0:05:29]} 7. Nf3 {[%emt 0:03:08]} a6 {[%emt 0:04:28]} 8. cxd5 {[%emt 0:02:50]} exd5 {[%emt 0:00:33]} 9. a3 {[%emt 0:06:09]} Bf5 {[%emt 0:05:05]} 10. Bd3 {[%emt 0:05:09]} Bxd3 {[%emt 0:02:39]} 11. Qxd3 {[%emt 0:00:11]} Qd6 {[%emt 0:12:40]} 12. Bg3 {[%emt 0:09:55]} Qd7 {[%emt 0:04:20]} 13. Rc1 {[%emt 0:03:28]} Nh5 {[%emt 0:05:47]} 14. Qc2 {[%emt 0:06:45]} Nxg3 {[%emt 0:16:52]} 15. hxg3 {[%emt 0:00:34]} Bf6 {[%emt 0:01:32]} 16. Na4 {[%emt 0:11:00]} Rc8 {[%emt 0:05:11]} 17. Nc5 {[%emt 0:06:16]} Qg4 {[%emt 0:05:48]} 18. Nxb7 {[%emt 0:04:29]} Ne7 {[%emt 0:02:11]} 19. Qa4+ {[%emt 0:03:40]} Kf8 {[%emt 0:02:05]} 20. Qxa6 {[%emt 0:04:24]} Kg8 {[%emt 0:01:37]} 21. Qe2 {[%emt 0:03:20]} Qg6 {[%emt 0:01:36]} 22. Qc2 {[%emt 0:03:01]} Qg4 {[%emt 0:01:03]} 23. Nc5 {[%emt 0:01:13]} Rd8 {[%emt 0:01:27]} 24. Nd3 {[%emt 0:01:08]} c6 {[%emt 0:01:24]} 25. Nde5 {[%emt 0:00:53]} Bxe5 {[%emt 0:01:17]} 26. Nxe5 {[%emt 0:00:02]} Qe4 {[%emt 0:00:11]} 27. Qxe4 {[%emt 0:00:10]} dxe4 {[%emt 0:00:04]} 28. Nxc6 {[%emt 0:00:47]} Nxc6 {[%emt 0:00:49]} 29. Rxc6 {[%emt 0:00:02]} Rb8 {[%emt 0:00:20]} 30. b4 {[%emt 0:00:34]} Ra8 {[%emt 0:00:14]} 31. Rc3 {[%emt 0:00:11]} Kh7 {[%emt 0:00:12]} 32. Kd2 {[%emt 0:00:25]} Ra4 {[%emt 0:00:52]} 33. Ra1 {[%emt 0:01:57]} Kg6 {[%emt 0:00:28]} 34. Rc5 {[%emt 0:00:15]} Rha8 {[%emt 0:00:23]} 35. Rc3 {[%emt 0:01:08]} Kg5 {[%emt 0:00:32]} 36. Kc2 {[%emt 0:01:01]} Kg4 {[%emt 0:00:29]} 37. Kb3 {[%emt 0:02:07]} g5 {[%emt 0:01:30]} 38. Rc6 {[%emt 0:01:35]} h5 {[%emt 0:00:13]} 39. Rf6 {[%emt 0:00:36]} R8a7 {[%emt 0:00:38]} 40. Ra2 {[%emt 0:00:00]} h4 {[%emt 0:00:00]} 41. gxh4 {[%emt 0:01:39]} Kxh4 {[%emt 0:00:43]} 42. Rh6+ {[%emt 0:00:53]} Kg4 {[%emt 0:00:38]} 43. Rh7 f5 {[%emt 0:00:50]} 44. Rxa7 {[%emt 0:01:44]} Rxa7 {[%emt 0:00:25]} 45. a4 {[%emt 0:00:17]} f4 {[%emt 0:00:01]} 46. b5 {[%emt 0:02:01]} Kh4 {[%emt 0:01:05]} 47. a5 {[%emt 0:01:21]} g4 {[%emt 0:00:36]} 48. b6 {[%emt 0:03:28]} Ra8 {[%emt 0:00:19]} 49. Kb4 {[%emt 0:04:13]} g3 {[%emt 0:01:54]} 50. fxg3+ {[%emt 0:03:28]} Kxg3 {[%emt 0:00:19]} 51. exf4 {[%emt 0:00:24]} Kxf4 {[%emt 0:00:58]} 52. Re2 {[%emt 0:01:10]} e3 {[%emt 0:00:23]} 53. b7 {[%emt 0:02:11]} Rd8 {[%emt 0:00:57]} 54. Kc5 {[%emt 0:01:50]} Ke4 {[%emt 0:01:13]} 55. a6 {[%emt 0:00:33]} Rxd4 {[%emt 0:01:30]} 56. b8=Q {[%emt 0:00:24]} Rd5+ {[%emt 0:01:25]} 57. Kc6 {[%emt 0:00:31]} Re5 {[%emt 0:00:46]} 58. Qxe5+ {[%emt 0:00:36] Kd5+} 1-0

[Event "IIFL Wealth  4th Mumbai Junior U-13"]
[Site "Mumbai"]
[Date "2019.01.02"]
[Round "4"]
[White "Borate Tanvi"]
[Black "Shah Viha"]
[Result "1/2-1/2"]
[WhiteElo "1035"]
[BlackElo "1212"]
[Annotator "NA"]
[PlyCount "69"]
[EventDate "2018.12.30"]
[EventType "swiss"]
[EventCountry "IND"]
[SourceTitle "playchess.com"]
[Source "ChessBase"]
[SourceQuality "1"]
[TimeControl "40/5400+30:1800+30"]

1. e4 {[%emt 0:00:00]} c5 {[%emt 0:00:00]} 2. Nf3 {[%emt 0:00:00]} d6 {[%emt 0:00:05]} 3. d4 {[%emt 0:00:00]} cxd4 {[%emt 0:00:21]} 4. Nxd4 {[%emt 0:00:20]} Nf6 {[%emt 0:00:07]} 5. Nc3 {[%emt 0:00:13]} a6 {[%emt 0:00:11]} 6. Be2 {[%emt 0:00:22]} Nbd7 {[%emt 0:00:40]} 7. O-O {[%emt 0:01:05]} e6 {[%emt 0:00:44]} 8. Be3 {[%emt 0:01:20]} Qc7 {[%emt 0:00:29]} 9. f4 {[%emt 0:06:09]} b5 {[%emt 0:03:14]} 10. a3 {[%emt 0:04:53]} Bb7 {[%emt 0:00:20]} 11. Bd3 {[%emt 0:10:16]} Nc5 {[%emt 0:01:33]} 12. Qf3 {[%emt 0:03:18]} Nxd3 {[%emt 0:04:30]} 13. cxd3 {[%emt 0:00:12]} Rc8 {[%emt 0:00:45]} 14. Rac1 {[%emt 0:01:17]} Qd8 {[%emt 0:01:30]} 15. Qg3 {[%emt 0:03:08]} Nh5 {[%emt 0:08:01]} 16. Qg4 {[%emt 0:05:23]} Nf6 {[%emt 0:05:54]} 17. Qg3 {[%emt 0:00:38]} h5 {[%emt 0:03:09]} 18. h3 {[%emt 0:08:35]} h4 {[%emt 0:01:29]} 19. Qf3 {[%emt 0:03:05]} Nh5 {[%emt 0:03:50]} 20. Nde2 {[%emt 0:00:28]} Be7 {[%emt 0:06:58]} 21. d4 {[%emt 0:03:55]} Nf6 {[%emt 0:02:35]} 22. f5 {[%emt 0:05:53]} exf5 {[%emt 0:01:37]} 23. Qxf5 {[%emt 0:00:53]} Qd7 {[%emt 0:02:35]} 24. Qf3 {[%emt 0:01:22]} Bd8 {[%emt 0:07:54]} 25. d5 {[%emt 0:02:02]} Rc4 {[%emt 0:03:35]} 26. Nd4 {[%emt 0:07:43]} Nh5 {[%emt 0:01:23]} 27. Nde2 {[%emt 0:02:23]} Nf6 {[%emt 0:00:09]} 28. Nd4 {[%emt 0:00:07]} Nh5 {[%emt 0:00:09]} 29. Nde2 {[%emt 0:00:08]} Nf6 {[%emt 0:00:10]} 30. Nd4 {[%emt 0:00:06]} Nh5 {[%emt 0:00:06]} 31. Nde2 {[%emt 0:00:02]} Nf6 {[%emt 0:00:07]} 32. Nd4 {[%emt 0:00:17]} Nh5 {[%emt 0:00:10]} 33. Nde2 {[%emt 0:00:17]} Nf6 {[%emt 0:00:05]} 34. Nd4 {[%emt 0:00:02]} Nh5 {[%emt 0:00:11]} 35. Nde2 {[%emt 0:00:03]} 1/2-1/2

[Event "IIFL Wealth  4th Mumbai Junior U-13"]
[Site "Mumbai"]
[Date "2019.01.02"]
[Round "4"]
[White "Jain Hitansh"]
[Black "Sathi Akshaj Mayank"]
[Result "*"]
[WhiteElo "1008"]
[BlackElo "1194"]
[Annotator "NA"]
[PlyCount "28"]
[EventDate "2018.12.30"]
[EventType "swiss"]
[EventCountry "IND"]
[SourceTitle "playchess.com"]
[Source "ChessBase"]
[SourceQuality "1"]
[TimeControl "40/5400+30:1800+30"]

1. c4 d5 2. cxd5 Qxd5 3. Nc3 Qd8 4. Nf3 Nf6 5. d4 Bg4 6. Bf4 e6 7. e3 a6 8. Bc4 Be7 9. O-O O-O 10. h3 Bh5 11. Rc1 Nc6 12. Ne2 Bxf3 13. gxf3 Nd5 14. Bg3 Nf6 *

[Event "IIFL Wealth  4th Mumbai Junior U-13"]
[Site "Mumbai"]
[Date "2019.01.02"]
[Round "4"]
[White "Jain Hitansh"]
[Black "Sathi Akshaj Mayank"]
[Result "0-1"]
[WhiteElo "1008"]
[BlackElo "1194"]
[Annotator "NA"]
[PlyCount "22"]
[EventDate "2018.12.30"]
[EventType "swiss"]
[EventCountry "IND"]
[SourceTitle "playchess.com"]
[Source "ChessBase"]
[SourceQuality "1"]
[TimeControl "40/5400+30:1800+30"]

1. c4 d5 2. cxd5 Qxd5 3. Nc3 Qd8 4. Nf3 Nf6 5. d4 Bg4 6. Bf4 e6 7. e3 a6 8. Bc4 Be7 9. O-O O-O 10. Rc1 Bh5 11. Ne2 Nc6 0-1